• 首页
  • 本馆介绍
  • 公告通知
  • 最新文献
  • 馆藏检索
  • 电子资源
  • 读者导购
  • 参考咨询
  • 我的图书馆
  • 登录
  • 详细信息显示
  • 放入我的书架
  • 预约/预借图书
  • 作者相关作品
  • 分类相关作品
  • 丛书相关作品
  • 出版社相关作品

书目信息

  • 表格格式
  • 工作单格式
  • 卡片格式
题名:
杨力老师的8堂艾炙课
    
 
作者: 杨力 著
分册:  
出版信息: 北京   中国轻工业出版社  2019.09
页数: 147页
开本: 24cm
丛书名:
单 册:
中图分类: R245.81
科图分类:
主题词: 艾灸--ai jiu--基本知识
电子资源:
ISBN: 978-7-5184-2335-4
000 01018nam0 2200253 450
001 CAL 0120192808609
005 20230217093112.0
010    @a978-7-5184-2335-4@dCNY45.00
100    @a20190902d2019 em y0chiy0120 ea
101 0  @achi
102    @aCN@b110000
105    @aa z 000yy
106    @ar
200 1  @a杨力老师的8堂艾炙课@Ayang li lao shi de 8 tang ai zhi ke@e教你用一根艾条养护全家健康@f杨力著
210    @a北京@c中国轻工业出版社@d2019.09
215    @a147页@c彩图@d24cm
314    @a杨力, 中国中医科学院教授。
330    @a本书是一本教读者用艾灸进行自我保健的图书, 由著名中医专家杨力老师执笔, 全书通过八堂课的形式, 让零基础的读者能够入门, 并得到进一步的提高。全书用真人模特做艾灸手法示范, 图文并茂, 内容全面, 适合艾灸爱好者学习使用。
517 1  @a教你用一根艾条养护全家健康@Ajiao ni yong yi gen ai tiao yang hu quan jia jian kang
606 0  @a艾灸@Aai jiu@x基本知识
690    @aR245.81@v5
701  0 @a杨力@Ayang li@4著
801  0 @aCN@bBJXHZP@c20230228
905    @b1382188-91@dR245.81@e642@f4
    
    杨力老师的8堂艾炙课:教你用一根艾条养护全家健康/杨力著.-北京:中国轻工业出版社,2019.09
    147页:彩图;24cm
    
    
    ISBN 978-7-5184-2335-4:CNY45.00
    本书是一本教读者用艾灸进行自我保健的图书, 由著名中医专家杨力老师执笔, 全书通过八堂课的形式, 让零基础的读者能够入门, 并得到进一步的提高。全书用真人模特做艾灸手法示范, 图文并茂, 内容全面, 适合艾灸爱好者学习使用。
●
相关链接 在E读中查询图书 在五车中查询图书 在当当中查询图书 在豆瓣中查询图书


正题名:杨力老师的8堂艾炙课     索取号:R245.81/642         预约/预借

序号 登录号 条形码 馆藏地/架位号 状态 备注
1 1382188   213821881   第二样本阅览室/ [索取号:R245.81/642] 在馆    
2 1382189   213821890   第三借阅区/ [索取号:R245.81/642] 在馆    
3 1382190   213821907   第三借阅区/ [索取号:R245.81/642] 在馆    
4 1382191   213821916   第三借阅区/ [索取号:R245.81/642] 在馆    
唐山师范学院图书馆 欢迎您!
大连网信软件有限公司© 版权所有